Devine le rappeur 7 - Statistiques

Statistiques générales
  • Ce quiz a été pris 82 fois
  • Le résultat moyen est 4 sur 15
Statistiques - réponses
Hint Réponse % Correct
Zipette Ninho
88%
Parapluie Tiakola
54%
Compliqué dadju
36%
Jeux d’échecs SDM
35%
Position Franglish
33%
Le bruit qui court Nekfeu
31%
Paradis Orelsan
28%
Hinata Tif
25%
Fleurs Zamdane
24%
Pk tu m’apl ? Luther
14%
Fil bleu Lefa
13%
Oublier Smily
13%
Bababa Keblack
11%
Leticia Jazzy bazz
8%
Corazon Aya nakamura
1%
Aucun quiz correspondant
Distribution des résultats
% des personnes avec chaque résultat
Percentile par nombre de réponses
Votre historique - résultats
Vous n’avez pas pris ce quiz